| 000 | 00853nam a2200265 i 4500 | ||
|---|---|---|---|
| 001 | 56444 | ||
| 003 | ES-MaACL | ||
| 005 | 20250811063136.0 | ||
| 007 | t| | ||
| 008 | 031009s1985 sp ||||1| spa d | ||
| 020 | _a84-309-1224-X | ||
| 100 | 1 |
_aDíez de Velasco Vallejo, Manuel, _d1926-2009 _944716 |
|
| 245 | 1 | 0 |
_aInstituciones de Derecho internacional público / _cManuel Díez de Velasco Vallejo. |
| 250 | _a7ª ed. | ||
| 260 |
_aMadrid : _bTecnos, _c[1985] |
||
| 300 |
_a1 v. ; _c24 cm. |
||
| 490 | 1 | _aBiblioteca universitaria de Editorial Tecnos | |
| 500 | _aIndices. | ||
| 504 | _aBibliografía. | ||
| 505 | 8 | _aContiene: Tomo I | |
| 650 | 0 | 7 |
_aDerecho internacional público _2embne _911723 |
| 830 | 0 |
_aBiblioteca universitaria de Editorial Tecnos _9178819 |
|
| 852 |
_aES-MaACL _jP-373 _bR.111538 |
||
| 999 |
_c56444 _d56444 |
||